00189nam a2200085Ia 4500008004100000100001500041245002600056260001200082260000900094170617s9999 xx 000 0 und d aWAUGH ANNE 0aANATOMY AND PHYSILOGY bElsvier c2011